[Event "IECG WC.2008.P.00009 email"]
[Site "IECG email"]
[Date "2004.03.05"]
[Round "?"]
[White "Wisham, Clyde"]
[Black "Guinsburg, Marcelo Fabian"]
[Result "1-0"]
[WhiteElo "1520"]
[BlackElo "2150"]
[PlyCount "49"]
[EventDate "2004.03.05"]
[EventType "tourn (corr)"]
[EventRounds "6"]
[SourceTitle "Corr 2008"]
[Source "ChessBase"]
[SourceDate "2008.06.24"]
[SourceVersion "1"]
[SourceVersionDate "2008.06.24"]
[SourceQuality "1"]

1. d4 Nf6 2. Nf3 e6 3. e3 b6 4. Bd3 Bb7 5. 0-0 c5 6. c4 Be7 7. Nc3 cxd4 8. exd4 d5 9. cxd5 Nxd5 10. Ne5 0-0 11. Qg4 f5 12. Qe2 Bf6 13. Bc4 Re8 14. Qh5 Bxe5 15. dxe5 Nd7 16. Nxd5 Bxd5 17. Bxd5 exd5 18. f4 g5 19. Be3 Nf8 20. Rad1 Rc8 21. Qf3 g4 22. Qxd5+ Qxd5 23. Rxd5 Kf7 24. Rfd1 Rc2 25. R5d2 1-0

[Event "IECG CM.2003.0.00213 email"]
[Site "IECG email"]
[Date "2003.03.04"]
[Round "?"]
[White "Guinsburg, Marcelo Fabian"]
[Black "Sacerdotali, Sergio"]
[Result "1/2-1/2"]
[WhiteElo "2129"]
[BlackElo "2234"]
[PlyCount "55"]
[EventDate "2003.03.04"]
[EventType "tourn (corr)"]
[EventRounds "6"]
[SourceTitle "Corr 2008"]
[Source "ChessBase"]
[SourceDate "2008.06.24"]
[SourceVersion "1"]
[SourceVersionDate "2008.06.24"]
[SourceQuality "1"]

1. e4 e5 2. Nf3 Nc6 3. Bb5 a6 4. Bxc6 dxc6 5. 0-0 Qd6 6. Na3 Be6 7. Qe2 Ne7 8. Nc4 Bxc4 9. Qxc4 c5 10. Ng5 Qf6 11. d3 h6 12. Nh3 Nc6 13. f4 Qe6 14. Qxe6+ fxe6 15. fxe5 g5 16. Bd2 Bg7 17. Bc3 Bxe5 18. Bxe5 Nxe5 19. Rad1 Rd8 20. b3 Ke7 21. Nf2 Rhf8 22. h3 h5 23. Nh1 Nc6 24. c3 b5 25. Rxf8 Rxf8 26. Ng3 h4 27. Ne2 Kd6 28. Rf1 1/2-1/2

[Event "IECG WC.2002.F.00005 email"]
[Site "IECG email"]
[Date "2002.12.15"]
[Round "?"]
[White "Guinsburg, Marcelo Fabian"]
[Black "Lambert, Andreas"]
[Result "0-1"]
[WhiteElo "2123"]
[BlackElo "2149"]
[PlyCount "38"]
[EventDate "2002.12.15"]
[EventType "tourn (corr)"]
[EventRounds "10"]
[SourceTitle "Corr 2008"]
[Source "ChessBase"]
[SourceDate "2008.06.24"]
[SourceVersion "1"]
[SourceVersionDate "2008.06.24"]
[SourceQuality "1"]

1. e4 c5 2. Nf3 d6 3. d4 cxd4 4. Nxd4 Nf6 5. Nc3 a6 6. Bg5 e6 7. Qd2 h6 8. Bxf6 Qxf6 9. 0-0-0 Nc6 10. Nxc6 bxc6 11. Bc4 Rb8 12. f4 d5 13. e5 Qd8 14. Ne2 Qb6 15. Bb3 Bd7 16. g4 c5 17. c4 d4 18. h4 a5 19. Ba4 Bxa4 0-1

[Event "IECG CA.2002.0.00053 email"]
[Site "IECG email"]
[Date "2002.05.28"]
[Round "?"]
[White "Ross, Steve"]
[Black "Guinsburg, Marcelo Fabian"]
[Result "0-1"]
[WhiteElo "2050"]
[BlackElo "2153"]
[PlyCount "92"]
[EventDate "2002.05.28"]
[EventType "tourn (corr)"]
[EventRounds "5"]
[SourceTitle "Corr 2008"]
[Source "ChessBase"]
[SourceDate "2008.06.24"]
[SourceVersion "1"]
[SourceVersionDate "2008.06.24"]
[SourceQuality "1"]

1. f4 e5 2. fxe5 d6 3. exd6 Bxd6 4. Nf3 Nc6 5. d4 Nf6 6. Nc3 Bg4 7. e3 Qe7 8. Bb5 0-0 9. 0-0 a6 10. Bd3 b5 11. h3 Bh5 12. g4 Bg6 13. Nh4 Nb4 14. e4 Nxd3 15. cxd3 b4 16. Na4 Nd7 17. Nxg6 fxg6 18. Be3 c5 19. Qb3+ Kh8 20. Qd5 cxd4 21. Rxf8+ Rxf8 22. Bxd4 Bf4 23. Kg2 Qh4 24. Bf2 Qf6 25. Qd4 Ne5 26. Qb6 Qe7 27. Qc5 Qf6 28. Rf1 Nf3 29. Bg1 Be3 30. Qxf8+ Qxf8 31. Rxf3 Bf4 32. Nb6 g5 33. Nd5 Qd6 34. Rf2 a5 35. Rc2 Qa6 36. Rc4 Kg8 37. b3 Kf7 38. Bc5 h5 39. Bb6 hxg4 40. hxg4 a4 41. Nxf4 gxf4 42. Bf2 axb3 43. axb3 Qa3 44. Rc7+ Kg8 45. Kf3 Qxb3 46. Kxf4 Qxd3 0-1

[Event "IECG CA.2002.0.00052 email"]
[Site "IECG email"]
[Date "2002.05.21"]
[Round "?"]
[White "Callow, Christopher"]
[Black "Guinsburg, Marcelo Fabian"]
[Result "1-0"]
[WhiteElo "2175"]
[BlackElo "2153"]
[PlyCount "73"]
[EventDate "2002.05.21"]
[EventType "tourn (corr)"]
[EventRounds "6"]
[SourceTitle "Corr 2008"]
[Source "ChessBase"]
[SourceDate "2008.06.24"]
[SourceVersion "1"]
[SourceVersionDate "2008.06.24"]
[SourceQuality "1"]

1. e4 c5 2. Nf3 d6 3. d4 cxd4 4. Nxd4 Nf6 5. Nc3 a6 6. Be3 e5 7. Nf3 Be7 8. Bc4 0-0 9. 0-0 Be6 10. Qd3 Nc6 11. a3 b5 12. Bd5 Rc8 13. Rfd1 Na5 14. b3 Qc7 15. Bd2 Nb7 16. Bxe6 fxe6 17. Ng5 Nd8 18. Qh3 Qd7 19. Re1 h6 20. Nf3 Nf7 21. Rad1 Rfd8 22. a4 bxa4 23. Nxa4 Rxc2 24. Nb6 Qb5 25. Qxe6 Re8 26. Nd5 Bd8 27. Nxf6+ Bxf6 28. Qg4 Qxb3 29. Qg6 Rb8 30. h3 Ra2 31. Rc1 d5 32. Rc6 dxe4 33. Rxe4 Be7 34. Kh2 Qd5 35. Rg4 Bf8 36. Bxh6 Nxh6 37. Ng5 1-0

[Event "IECG CA.2002.0.00052 email"]
[Site "IECG email"]
[Date "2002.05.21"]
[Round "?"]
[White "Guinsburg, Marcelo Fabian"]
[Black "Szikora, Andras"]
[Result "1-0"]
[WhiteElo "2153"]
[BlackElo "2120"]
[PlyCount "35"]
[EventDate "2002.05.21"]
[EventType "tourn (corr)"]
[EventRounds "6"]
[SourceTitle "Corr 2008"]
[Source "ChessBase"]
[SourceDate "2008.06.24"]
[SourceVersion "1"]
[SourceVersionDate "2008.06.24"]
[SourceQuality "1"]

1. e4 c5 2. Nf3 d6 3. d4 cxd4 4. Nxd4 Nf6 5. Nc3 a6 6. Bg5 Nc6 7. Qd2 Qb6 8. Nb3 e6 9. 0-0-0 Be7 10. f3 0-0 11. g4 Qc7 12. h4 b5 13. Bd3 Bb7 14. Bxf6 Bxf6 15. g5 Bxc3 16. Qxc3 b4 17. Qd2 a5 18. f4 1-0

[Event "IECG CA.2002.0.00053 email"]
[Site "IECG email"]
[Date "2002.05.14"]
[Round "?"]
[White "Guinsburg, Marcelo Fabian"]
[Black "Mende, Ingus"]
[Result "1-0"]
[WhiteElo "2153"]
[BlackElo "2086"]
[PlyCount "57"]
[EventDate "2002.05.28"]
[EventType "tourn (corr)"]
[EventRounds "5"]
[SourceTitle "Corr 2008"]
[Source "ChessBase"]
[SourceDate "2008.06.24"]
[SourceVersion "1"]
[SourceVersionDate "2008.06.24"]
[SourceQuality "1"]

1. e4 e6 2. d4 d5 3. Nc3 Bb4 4. e5 c5 5. a3 Bxc3+ 6. bxc3 Ne7 7. Qg4 Nbc6 8. Qxg7 Rg8 9. Qxh7 cxd4 10. cxd4 Nxd4 11. Qd3 Qa5+ 12. Kd1 Ndc6 13. f4 Bd7 14. Rb1 Qc7 15. Ne2 Na5 16. h4 Nf5 17. h5 Rc8 18. Rh3 a6 19. h6 d4 20. h7 Rh8 21. Ng3 Nxg3 22. Rxg3 Ba4 23. Rb2 b5 24. Qe4 Nc6 25. Bd3 Ne7 26. Bd2 Ng6 27. Rxg6 fxg6 28. Qxg6+ Qf7 29. Qh6 1-0

[Event "IECG WC.2002.T.00004 email"]
[Site "IECG email"]
[Date "2001.06.15"]
[Round "?"]
[White "Guinsburg, Marcelo Fabian"]
[Black "Monacell, James P"]
[Result "1/2-1/2"]
[WhiteElo "2336"]
[BlackElo "2377"]
[PlyCount "34"]
[EventDate "2001.06.15"]
[EventType "tourn (corr)"]
[EventRounds "10"]
[SourceTitle "Corr 2008"]
[Source "ChessBase"]
[SourceDate "2008.06.24"]
[SourceVersion "1"]
[SourceVersionDate "2008.06.24"]
[SourceQuality "1"]

1. e4 c5 2. Nf3 e6 3. d4 cxd4 4. Nxd4 Nf6 5. Nc3 d6 6. Be3 Be7 7. f4 0-0 8. Be2 Nc6 9. 0-0 e5 10. Nb3 exf4 11. Bxf4 Be6 12. Kh1 d5 13. e5 Ne4 14. Nxe4 dxe4 15. Qe1 Bg5 16. Bb5 Bxb3 17. cxb3 Bxf4 1/2-1/2

[Event "IECG WC.2003.S.00006 email"]
[Site "IECG email"]
[Date "2001.04.01"]
[Round "?"]
[White "Guinsburg, Marcelo Fabian"]
[Black "Schoonhoven, Jan Willem"]
[Result "0-1"]
[WhiteElo "2334"]
[BlackElo "2280"]
[PlyCount "88"]
[EventDate "2001.04.01"]
[EventType "tourn (corr)"]
[EventRounds "8"]
[SourceTitle "Corr 2008"]
[Source "ChessBase"]
[SourceDate "2008.06.24"]
[SourceVersion "1"]
[SourceVersionDate "2008.06.24"]
[SourceQuality "1"]

1. e4 c5 2. Nf3 d6 3. d4 cxd4 4. Nxd4 Nf6 5. Nc3 a6 6. Bg5 e6 7. Qd2 h6 8. Bxf6 Qxf6 9. 0-0-0 Nc6 10. Nxc6 bxc6 11. Bc4 Qd8 12. f4 Be7 13. g4 Rb8 14. h4 d5 15. Bb3 Bxh4 16. Ba4 0-0 17. Bxc6 Qb6 18. b3 Be7 19. Bxd5 exd5 20. Nxd5 Ba3+ 21. Kb1 Qg6 22. Qa5 Qd6 23. g5 Bb4 24. e5 Bxa5 25. exd6 Kh7 26. gxh6 gxh6 27. c4 Rd8 28. Nf6+ Kg7 29. Rdg1+ Kxf6 30. Rxh6+ Kf5 31. Rg5+ Kxf4 32. Rxa5 f5 33. c5 Rb5 34. Rxb5 axb5 35. c6 Ke5 36. d7 Bxd7 37. cxd7 Rxd7 38. Rb6 Rd5 39. Kc2 f4 40. a4 f3 41. Rb8 b4 42. a5 Rxa5 43. Kd3 Kf4 44. Rxb4+ Kg3 0-1

[Event "IECG WC.2003.S.00006 email"]
[Site "IECG email"]
[Date "2001.04.01"]
[Round "?"]
[White "Guinsburg, Marcelo Fabian"]
[Black "Sidenko, Anatoly Viktorovich"]
[Result "1-0"]
[WhiteElo "2334"]
[BlackElo "2177"]
[PlyCount "115"]
[EventDate "2001.04.01"]
[EventType "tourn (corr)"]
[EventRounds "8"]
[SourceTitle "Corr 2008"]
[Source "ChessBase"]
[SourceDate "2008.06.24"]
[SourceVersion "1"]
[SourceVersionDate "2008.06.24"]
[SourceQuality "1"]

1. e4 c5 2. Nf3 d6 3. d4 cxd4 4. Nxd4 Nf6 5. Nc3 a6 6. Bg5 Nc6 7. Qd2 e6 8. 0-0-0 h6 9. Bxf6 Qxf6 10. Nxc6 bxc6 11. Bc4 Be7 12. h4 d5 13. exd5 cxd5 14. Bxd5 exd5 15. Nxd5 Qd6 16. Rhe1 Be6 17. Qa5 Bd8 18. Qa4+ Kf8 19. Nf4 Qb6 20. Rxe6 fxe6 21. Ng6+ Kg8 22. Qe8+ Kh7 23. Qxh8+ Kxg6 24. h5+ Kxh5 25. Qxg7 Bg5+ 26. f4 Qe3+ 27. Kb1 Qxf4 28. g4+ Kh4 29. Qb7 Rd8 30. Qh1+ Kxg4 31. Rg1+ Kf5 32. Rf1 e5 33. Rxf4+ Bxf4 34. Qh5+ Kf6 35. b4 Rd6 36. Qg4 Rd4 37. a3 Bg5 38. Qc8 Rd6 39. c4 e4 40. c5 Rd1+ 41. Kc2 Rd2+ 42. Kc3 e3 43. Qxa6+ Ke7 44. Qb7+ Kf8 45. Qe4 Bf6+ 46. Kb3 e2 47. c6 Rb2+ 48. Kc4 Rc2+ 49. Kb5 Kg7 50. c7 Rxc7 51. Qxe2 Re7 52. Qg4+ Bg5 53. Kc6 Kf6 54. b5 Re6+ 55. Kd7 Re7+ 56. Kd6 Re3 57. b6 h5 58. Qc4 1-0

[Event "IECG CP.2000.P.00098"]
[Site "IECG email"]
[Date "2000.10.01"]
[Round "?"]
[White "Hoogendoorn, Albert"]
[Black "Guinsburg, Marcelo Fabian"]
[Result "0-1"]
[WhiteElo "1601"]
[BlackElo "2324"]
[PlyCount "94"]
[EventDate "2000.10.01"]
[EventType "tourn (corr)"]
[EventRounds "6"]
[EventCountry "GER"]
[SourceTitle "Corr 2008"]
[Source "ChessBase"]
[SourceDate "2008.06.24"]
[SourceVersion "1"]
[SourceVersionDate "2008.06.24"]
[SourceQuality "1"]

1. e4 c5 2. d4 cxd4 3. c3 dxc3 4. Nxc3 e6 5. Nf3 Bc5 6. Bc4 d6 7. 0-0 a6 8. Bg5 Ne7 9. Qe2 b5 10. Bb3 h6 11. Be3 Qb6 12. Bxc5 dxc5 13. Rfd1 0-0 14. Rac1 Rd8 15. Rxd8+ Qxd8 16. a4 b4 17. Nd1 Nd7 18. Ne3 Qc7 19. Nc4 Bb7 20. Rd1 Rd8 21. Bc2 Nb6 22. Rxd8+ Qxd8 23. Nce5 a5 24. b3 Nc6 25. Nxc6 Bxc6 26. h3 c4 27. Ne5 cxb3 28. Nxc6 bxc2 29. Qxc2 Qc7 30. Nxb4 Qxc2 31. Nxc2 Nxa4 32. f3 f5 33. exf5 exf5 34. Nd4 Nc5 35. Nxf5 a4 36. Nd4 a3 37. Nc2 a2 38. Na1 Kf7 39. Kf2 Ne6 40. Ke3 Kf6 41. Ke4 g6 42. h4 Ng7 43. g4 Ne6 44. f4 h5 45. g5+ Kf7 46. Nc2 Nc5+ 47. Kd4 Nb3+ 0-1

[Event "Jiri Pelikan mem-B email"]
[Site "Argentina"]
[Date "1997.??.??"]
[Round "?"]
[White "Aberbach Peltzman, Angel Sergio"]
[Black "Guinsburg, Marcelo Fabian"]
[Result "1-0"]
[WhiteElo "2299"]
[BlackElo "2322"]
[PlyCount "39"]
[EventDate "1997.??.??"]
[EventType "tourn (corr)"]
[EventRounds "14"]
[EventCountry "ARG"]
[EventCategory "7"]
[SourceTitle "Corr 2002"]
[Source "ChessBase"]
[SourceDate "2002.05.23"]
[SourceVersion "1"]
[SourceVersionDate "2002.05.23"]
[SourceQuality "1"]

1. d4 Nf6 2. c4 e6 3. Nf3 b6 4. g3 Bb7 5. Bg2 Bb4+ 6. Bd2 Be7 7. Nc3 0-0 8. 0-0 d5 9. cxd5 Nxd5 10. Qc2 c5 11. dxc5 Bxc5 12. Ng5 g6 13. Qe4 Qd7 14. Qh4 f6 15. Nge4 Bd4 16. Bh6 Rf7 17. Rfd1 Be5 18. f4 Bxc3 19. bxc3 Qc8 20. c4 1-0

[Event "Jiri Pelikan mem-B email"]
[Site "Argentina"]
[Date "1997.??.??"]
[Round "?"]
[White "Guinsburg, Marcelo Fabian"]
[Black "Watson, Joe"]
[Result "1/2-1/2"]
[WhiteElo "2322"]
[BlackElo "2445"]
[PlyCount "41"]
[EventDate "1997.??.??"]
[EventType "tourn (corr)"]
[EventRounds "14"]
[EventCountry "ARG"]
[EventCategory "7"]
[SourceTitle "Corr 2002"]
[Source "ChessBase"]
[SourceDate "2002.05.23"]
[SourceVersion "1"]
[SourceVersionDate "2002.05.23"]
[SourceQuality "1"]

1. e4 e6 2. d4 d5 3. e5 Ne7 4. c3 c5 5. Nf3 Nec6 6. Bd3 Nd7 7. a3 Qb6 8. Be2 Be7 9. b4 cxd4 10. cxd4 0-0 11. 0-0 f6 12. exf6 Nxf6 13. Bd3 Bd6 14. Be3 Bd7 15. Nc3 Ne7 16. Ne5 Be8 17. f4 Nf5 18. Bxf5 exf5 19. Qb3 Bc6 20. Rab1 a6 21. Rfe1 1/2-1/2